Handbook of Freshwater Fishery Biology (Record no. 7258)

MARC details
000 -LEADER
fixed length control field 00619nam a22002057a 4500
003 - CONTROL NUMBER IDENTIFIER
control field OSt
005 - DATE AND TIME OF LATEST TRANSACTION
control field 20240412112814.0
008 - FIXED-LENGTH DATA ELEMENTS--GENERAL INFORMATION
fixed length control field 210921b ||||| |||| 00| 0 eng d
020 ## - INTERNATIONAL STANDARD BOOK NUMBER
International Standard Book Number 0813806704
040 ## - CATALOGING SOURCE
Transcribing agency DDC
082 ## - DEWEY DECIMAL CLASSIFICATION NUMBER
Classification number 597.09 CAR 1977
100 ## - MAIN ENTRY--PERSONAL NAME
Personal name Edited by Carlander,Kenneth D.
9 (RLIN) 16952
245 ## - TITLE STATEMENT
Title Handbook of Freshwater Fishery Biology
260 ## - PUBLICATION, DISTRIBUTION, ETC. (IMPRINT)
Place of publication, distribution, etc. Canada
Name of publisher, distributor, etc. The Iowa State University Press
Date of publication, distribution, etc. 1977
300 ## - PHYSICAL DESCRIPTION
Extent vii,431p;
Other physical details ill;
Dimensions 24cm
504 ## - BIBLIOGRAPHY, ETC. NOTE
Bibliography, etc Includes; bibliographical references and indexes.
650 ## - SUBJECT ADDED ENTRY--TOPICAL TERM
Topical term or geographic name as entry element Biology Fish
9 (RLIN) 5602
650 ## - SUBJECT ADDED ENTRY--TOPICAL TERM
Topical term or geographic name as entry element Freshwater
9 (RLIN) 16953
942 ## - ADDED ENTRY ELEMENTS (KOHA)
Source of classification or shelving scheme Dewey Decimal Classification
Koha item type Open Shelf
Holdings
Withdrawn status Lost status Source of classification or shelving scheme Damaged status Not for loan Home library Current library Date acquired Source of acquisition Inventory number Total Checkouts Full call number Barcode Date last seen Koha item type
    Dewey Decimal Classification     MUST Main Library MUST Main Library 21/09/2021 Purchase 08/30210   597.09 CAR 1977 2021-1203 21/09/2021 Open Shelf
    Dewey Decimal Classification     MUST Main Library MUST Main Library 21/09/2021 Purchase 08/30209   597.09 CAR 1977 2021-1204 21/09/2021 Open Shelf